The Africa reader : independent Africa

Αποθηκεύτηκε σε:
Λεπτομέρειες βιβλιογραφικής εγγραφής
Άλλοι συγγραφείς: Cartey, Wilfred 1931-1992 (Επιμελητής έκδοσης), Kilson, Martin (Επιμελητής έκδοσης)
Μορφή: Βιβλίο
Γλώσσα:English
Δημοσίευση: New York : Random House, 1970.
Ετικέτες: Προσθήκη ετικέτας
Δεν υπάρχουν, Καταχωρήστε ετικέτα πρώτοι!

MARC

LEADER 00000cam a2200000 a 4500
001 1/121164
008 200327s1970####nyu||||||| |||| ||eng||
040 |a GR-MyUa  |b gre  |c GR-MyUa  |e AACR2 
041 0 |a eng 
082 7 |a 390.96  |2 (23) 
245 0 4 |a The Africa reader :   |b independent Africa /   |c edited and with introductions by Wilfred Cartey and Martin Kilson.  
260 |a New York :   |b Random House,   |c 1970.  
300 |a 428 σ. ;   |c 18 εκ.  
700 1 |a Cartey, Wilfred  |d 1931-1992,  |e edt 
700 1 |a Kilson, Martin,  |e edt 
852 |a INST  |b LESVOS  |e 20200327  |h 320.96 AFR  |p 005100062533  |q 005100062533  |t BK  |y 0 
920 |a Α. Φατούρος - Α. Φραγκουδάκη  |y Λέσβος  |z 2012 
970 |a Δημάκη  |b Μαρία  |z 27-03-2020